00683nam a22002297a 45000010005000000030006000050050017000110080041000280200018000690400029000870820011001161000012001272450078001392500043002172600031002603000054002914900020003455050008003655210029003735210020004027000031004229065FISKH20251118141930.0251118b cb ||||| |||| 00| 0 eng d a9780603563812 aFISKHbengcFISKHdFISKH a823.92 aUnknown aMuck and the machine convey, Sumsy and the sunflower spill /cBy Unknown  aThis edition published for BCA in 2008 aLondon : bEgmont ,c2008. a60 pages : bcolor illustrations ;c23 X 25 cm .  aBob the Builder aO 8 a600 bLexile estimate 8 aO bRaz-Plus  aSmith, JerryeIllustrator